[Event "CAN-op"]
[Site "Winnipeg CAN"]
[Date "1997.07.13"]
[Round "3"]
[White "Roth, Markus"]
[Black "Fielding, Gerald"]
[Result "0-1"]
[WhiteElo "1593"]
[BlackElo "2213"]
[PlyCount "112"]
[GameId "2160767911932590"]
[EventDate "1997.07.12"]
[EventType "swiss"]
[EventRounds "10"]
[EventCountry "CAN"]
[SourceTitle "EXP 60"]
[Source "ChessBase"]
[SourceDate "1997.11.24"]
[SourceVersion "1"]
[SourceVersionDate "1997.11.24"]
[SourceQuality "1"]

1. e4 c5 2. Nf3 Nc6 3. d4 cxd4 4. Nxd4 e6 5. Nb5 d6 6. Bf4 e5 7. Be3 a6 8. N5a3 Nf6 9. Bd3 d5 10. exd5 Nxd5 11. Be4 Nxe3 12. Bxc6+ bxc6 13. Qxd8+ Kxd8 14. fxe3 Bc5 15. Nc4 Kc7 16. Nbd2 Be6 17. O-O-O f6 18. e4 Rhd8 19. Nb3 Ba7 20. Ncd2 Rd7 21. Nf3 Rad8 22. Rxd7+ Rxd7 23. c3 a5 24. Nxa5 Bxa2 25. b3 Bb6 26. Nxc6 Bxb3 27. Nb4 Bc4 28. Kc2 Ba5 29. Ra1 Bxb4 30. Ra7+ Kc6 31. Rxd7 Kxd7 32. cxb4 Kc6 33. Nd2 Kb5 34. Kc3 Bf7 35. h4 g6 36. g4 h6 37. g5 hxg5 38. hxg5 fxg5 39. Nf3 g4 40. Nxe5 g3 41. Nf3 g2 42. Nd4+ Ka4 43. Nf3 g5 44. b5 Kxb5 45. Kd3 Bb3 46. Ke2 g4 47. Ng1 Bc2 48. Ke3 Kc5 49. Kf4 Bd1 50. Ke3 Kd6 51. Kd4 Ke6 52. Ke3 Ke5 53. Kd2 Bf3 54. Ke3 Bxe4 55. Ne2 Bf3 56. Ng1 Kf5 0-1

[Event "CAN-op"]
[Site "Winnipeg CAN"]
[Date "1997.07.13"]
[Round "3"]
[White "Sasata, Robert"]
[Black "Wu, Cynthia"]
[Result "1-0"]
[WhiteElo "2317"]
[BlackElo "1775"]
[PlyCount "55"]
[GameId "2160767911932591"]
[EventDate "1997.07.12"]
[EventType "swiss"]
[EventRounds "10"]
[EventCountry "CAN"]
[SourceTitle "EXP 60"]
[Source "ChessBase"]
[SourceDate "1997.11.24"]
[SourceVersion "1"]
[SourceVersionDate "1997.11.24"]
[SourceQuality "1"]

1. d4 Nf6 2. c4 g6 3. Nc3 Bg7 4. e4 d6 5. f3 O-O 6. Be3 Nfd7 7. Qd2 e5 8. Nge2 Nc6 9. d5 Na5 10. Nc1 b6 11. b4 Nb7 12. Nb3 a5 13. a3 axb4 14. axb4 Rxa1+ 15. Nxa1 f5 16. Nb3 f4 17. Bf2 Rf7 18. Be2 Bf6 19. Kd1 g5 20. Kc2 Rg7 21. Ra1 Kf7 22. Ra8 Nbc5 23. bxc5 Nxc5 24. Bxc5 bxc5 25. Nb5 Qd7 26. Na5 Rg8 27. Nc6 Bb7 28. Ra7 1-0

[Event "CAN-op"]
[Site "Winnipeg CAN"]
[Date "1997.07.13"]
[Round "3"]
[White "Schulz, Waldemar"]
[Black "Hodgson, Julian"]
[Result "0-1"]
[WhiteElo "2022"]
[BlackElo "2586"]
[PlyCount "74"]
[GameId "2160767911932592"]
[EventDate "1997.07.12"]
[EventType "swiss"]
[EventRounds "10"]
[EventCountry "CAN"]
[SourceTitle "EXP 60"]
[Source "ChessBase"]
[SourceDate "1997.11.24"]
[SourceVersion "1"]
[SourceVersionDate "1997.11.24"]
[SourceQuality "1"]

1. Nf3 d6 2. d4 Bg4 3. c4 Nd7 4. Nc3 e5 5. d5 Bxf3 6. exf3 g6 7. Bd3 Bg7 8. O-O Ngf6 9. Be3 O-O 10. Qd2 Nh5 11. Rfe1 f5 12. f4 exf4 13. Bxf4 Nxf4 14. Qxf4 Bxc3 15. bxc3 Nc5 16. Bc2 Qf6 17. Qd2 Rae8 18. Rxe8 Rxe8 19. Re1 Rxe1+ 20. Qxe1 Qe5 21. Qxe5 dxe5 22. Kf1 Kf7 23. Ke2 Ke7 24. Kd2 Kd6 25. f3 Nd7 26. g4 fxg4 27. fxg4 Kc5 28. Kd3 e4+ 29. Kxe4 Kxc4 30. g5 Kxc3 31. Bd1 b5 32. d6 cxd6 33. Kd5 Nc5 34. Kxd6 Kd4 35. h4 b4 36. Bf3 a5 37. Kc6 a4 0-1

[Event "CAN-op"]
[Site "Winnipeg CAN"]
[Date "1997.07.13"]
[Round "3"]
[White "Shpan, Mike"]
[Black "Gardner, Robert"]
[Result "0-1"]
[WhiteElo "1740"]
[BlackElo "2305"]
[PlyCount "98"]
[GameId "2160767911932594"]
[EventDate "1997.07.12"]
[EventType "swiss"]
[EventRounds "10"]
[EventCountry "CAN"]
[SourceTitle "EXP 60"]
[Source "ChessBase"]
[SourceDate "1997.11.24"]
[SourceVersion "1"]
[SourceVersionDate "1997.11.24"]
[SourceQuality "1"]

1. e4 c5 2. Nf3 d6 3. Nc3 Nf6 4. Bc4 e6 5. O-O Be7 6. d4 cxd4 7. Bb5+ Nbd7 8. Nxd4 O-O 9. Bxd7 Bxd7 10. f4 Qc7 11. g4 Rfd8 12. g5 Ne8 13. Be3 Bc6 14. Qf3 a6 15. f5 e5 16. Nxc6 bxc6 17. h4 Qb7 18. Rab1 d5 19. exd5 cxd5 20. f6 Bf8 21. h5 e4 22. Qf5 d4 23. Nxe4 dxe3 24. fxg7 Bxg7 25. Nf6+ Nxf6 26. gxf6 Bh6 27. Rf4 Kh8 28. Re4 Rg8+ 29. Kf1 Rg5 30. Qf3 Qb5+ 31. c4 Rf5 32. Rf4 Rxf4 33. Qxf4 Bxf4 34. cxb5 axb5 35. Ke2 Ra6 36. Rd1 Rxf6 37. Rd5 Bh6 38. Rxb5 Rf2+ 39. Ke1 Rh2 40. a4 Bf4 41. Rb3 Bg3+ 42. Kd1 e2+ 43. Kc2 e1=Q+ 44. Kd3 Qd2+ 45. Kc4 Rh4+ 46. Kc5 Qd6+ 47. Kb5 Qd7+ 48. Ka5 Rxa4+ 49. Kb6 Bf2+ 0-1

[Event "CAN-op"]
[Site "Winnipeg CAN"]
[Date "1997.07.13"]
[Round "3"]
[White "Smith, Maurice"]
[Black "Teodoro, Eduardo"]
[Result "0-1"]
[WhiteElo "1901"]
[BlackElo "2471"]
[PlyCount "60"]
[GameId "2160767911932595"]
[EventDate "1997.07.12"]
[EventType "swiss"]
[EventRounds "10"]
[EventCountry "CAN"]
[SourceTitle "EXP 60"]
[Source "ChessBase"]
[SourceDate "1997.11.24"]
[SourceVersion "1"]
[SourceVersionDate "1997.11.24"]
[SourceQuality "1"]

1. d4 Nf6 2. c4 e6 3. Nf3 b6 4. a3 Bb7 5. Nc3 d5 6. cxd5 exd5 7. Bf4 a6 8. e3 Be7 9. Bd3 O-O 10. O-O c5 11. Rc1 c4 12. Bb1 b5 13. Bg5 Nbd7 14. Re1 Ne4 15. Bxe7 Qxe7 16. Nd2 f5 17. f3 Nxc3 18. Rxc3 Rae8 19. Rc1 f4 20. e4 Qe6 21. e5 Qb6 22. Kh1 Qxd4 23. Qc2 g6 24. e6 Nc5 25. Qd1 Nxe6 26. Rc3 Nc5 27. Bc2 a5 28. Bb1 b4 29. axb4 axb4 30. Rc2 Nd3 0-1

[Event "CAN-op"]
[Site "Winnipeg CAN"]
[Date "1997.07.13"]
[Round "3"]
[White "Strojevs, Alexander"]
[Black "Tetrault, Robert"]
[Result "0-1"]
[WhiteElo "1792"]
[BlackElo "1702"]
[PlyCount "84"]
[GameId "2160767911932596"]
[EventDate "1997.07.12"]
[EventType "swiss"]
[EventRounds "10"]
[EventCountry "CAN"]
[SourceTitle "EXT 2022"]
[Source "ChessBase"]
[SourceDate "2021.10.06"]
[SourceVersion "1"]
[SourceVersionDate "2021.10.06"]
[SourceQuality "1"]

1. e4 e5 2. Nf3 Nc6 3. Bb5 Nf6 4. O-O Bc5 5. Nxe5 Nxe5 6. d4 Bxd4 7. Qxd4 Qe7 8. Nc3 a6 9. Ba4 b5 10. Bxb5 axb5 11. Nxb5 d6 12. Bg5 O-O 13. Bxf6 Qxf6 14. Qc3 c6 15. Nd4 Bb7 16. Nf5 c5 17. f3 Rfe8 18. Ne3 Qg5 19. f4 Qg6 20. fxe5 Rxe5 21. Rf4 Rxe4 22. Rxe4 Qxe4 23. Qd3 Qc6 24. c4 Re8 25. Nd5 Re5 26. Qd2 Qa4 27. b3 Qa8 28. Re1 Rxe1+ 29. Qxe1 Bxd5 30. cxd5 g6 31. Qd2 f5 32. a4 Kg7 33. Qc3+ Kf7 34. Kf2 Qxd5 35. Qc4 Ke6 36. Qxd5+ Kxd5 37. Ke3 Kc6 38. g3 Kb6 39. Kd3 d5 40. Kc3 Ka5 41. Kd2 Kb4 42. Kc2 g5 0-1

[Event "CAN-op"]
[Site "Winnipeg CAN"]
[Date "1997.07.13"]
[Round "3"]
[White "Tomaras, Ioannis"]
[Black "Aldrich, Don"]
[Result "1/2-1/2"]
[WhiteElo "1667"]
[BlackElo "1782"]
[PlyCount "47"]
[GameId "2160767911932598"]
[EventDate "1997.07.12"]
[EventType "swiss"]
[EventRounds "10"]
[EventCountry "CAN"]
[SourceTitle "EXP 60"]
[Source "ChessBase"]
[SourceDate "1997.11.24"]
[SourceVersion "1"]
[SourceVersionDate "1997.11.24"]
[SourceQuality "1"]

1. d4 Nf6 2. c4 e6 3. Nc3 Bb4 4. Bd2 c5 5. e3 cxd4 6. exd4 d5 7. cxd5 Nxd5 8. Nxd5 Bxd2+ 9. Qxd2 Qxd5 10. Nf3 O-O 11. Bd3 b6 12. O-O Bb7 13. Rfe1 Nc6 14. Be4 Qd7 15. d5 exd5 16. Qxd5 Rad8 17. Qxd7 Rxd7 18. Bxc6 Bxc6 19. Ne5 Rd6 20. Nxc6 Rxc6 21. Rac1 Rxc1 22. Rxc1 Rd8 23. g3 Kf8 24. Rc2 1/2-1/2

[Event "CAN-op"]
[Site "Winnipeg CAN"]
[Date "1997.07.13"]
[Round "3"]
[White "Towns, Barry"]
[Black "Ditt, Egon"]
[Result "0-1"]
[WhiteElo "1723"]
[BlackElo "2250"]
[PlyCount "64"]
[GameId "2160767911932599"]
[EventDate "1997.07.12"]
[EventType "swiss"]
[EventRounds "10"]
[EventCountry "CAN"]
[SourceTitle "EXP 60"]
[Source "ChessBase"]
[SourceDate "1997.11.24"]
[SourceVersion "1"]
[SourceVersionDate "1997.11.24"]
[SourceQuality "1"]

1. b4 e5 2. Bb2 Bxb4 3. Bxe5 Nf6 4. Nf3 Nc6 5. Bb2 d5 6. e3 O-O 7. Be2 Qe7 8. O-O Bg4 9. a3 Bd6 10. d4 Rad8 11. Nbd2 Ne4 12. c4 Nxd2 13. Nxd2 Bxe2 14. Qxe2 dxc4 15. Nxc4 Bf4 16. d5 Rxd5 17. Qf3 Bxh2+ 18. Kxh2 Qh4+ 19. Qh3 Qxc4 20. Kh1 Rd2 21. Rab1 Qd3 22. f4 Ne7 23. Bd4 b6 24. Rbc1 Nf5 25. Be5 c5 26. Rf3 Qe4 27. Qg4 f6 28. Rh3 fxe5 29. Kg1 exf4 30. exf4 Ne3 31. Rxe3 Qxe3+ 32. Kh2 Qxf4+ 0-1

[Event "CAN-op"]
[Site "Winnipeg CAN"]
[Date "1997.07.13"]
[Round "3"]
[White "Vera, Reynaldo"]
[Black "Williams, Brian"]
[Result "1-0"]
[WhiteElo "2536"]
[BlackElo "1629"]
[PlyCount "97"]
[GameId "2160767911932600"]
[EventDate "1997.07.12"]
[EventType "swiss"]
[EventRounds "10"]
[EventCountry "CAN"]
[SourceTitle "EXP 60"]
[Source "ChessBase"]
[SourceDate "1997.11.24"]
[SourceVersion "1"]
[SourceVersionDate "1997.11.24"]
[SourceQuality "1"]

1. d4 Nf6 2. c4 g6 3. Nc3 d5 4. cxd5 Nxd5 5. e4 Nxc3 6. bxc3 Bg7 7. Nf3 c5 8. Rb1 O-O 9. Be2 e6 10. O-O b6 11. Bg5 Qc7 12. Qd2 Bb7 13. d5 exd5 14. exd5 Qd6 15. c4 Nd7 16. a4 Rfe8 17. a5 Ba6 18. Rfc1 f6 19. Bf4 Ne5 20. Rb3 Re7 21. axb6 axb6 22. Rcb1 Rb8 23. Nxe5 fxe5 24. Bg5 Ra7 25. Qa2 e4 26. Bg4 Rba8 27. Qc2 Qe5 28. Be3 b5 29. Be6+ Kh8 30. cxb5 Bb7 31. Qxc5 Ra1 32. g3 Rxb1+ 33. Rxb1 Rd8 34. Qe7 Qb8 35. Rc1 Qa8 36. Rc7 Qa1+ 37. Kg2 Qf6 38. Qxf6 Bxf6 39. Rxb7 Be5 40. Bh6 e3 41. fxe3 g5 42. Rf7 g4 43. Rf8+ Rxf8 44. Bxf8 h5 45. d6 h4 46. gxh4 g3 47. d7 Bf6 48. b6 gxh2 49. b7 1-0

[Event "CAN-op"]
[Site "Winnipeg CAN"]
[Date "1997.07.13"]
[Round "3"]
[White "Wierda, John"]
[Black "Nogueiras, Jesus"]
[Result "0-1"]
[WhiteElo "1716"]
[BlackElo "2535"]
[PlyCount "122"]
[GameId "2160767911932601"]
[EventDate "1997.07.12"]
[EventType "swiss"]
[EventRounds "10"]
[EventCountry "CAN"]
[SourceTitle "EXP 60"]
[Source "ChessBase"]
[SourceDate "1997.11.24"]
[SourceVersion "1"]
[SourceVersionDate "1997.11.24"]
[SourceQuality "1"]

1. e4 d6 2. d4 g6 3. Nc3 Bg7 4. Nf3 Nf6 5. Bg5 c6 6. Bc4 O-O 7. Qd2 Bg4 8. Bh6 d5 9. exd5 Bxf3 10. gxf3 cxd5 11. Be2 Nc6 12. O-O-O Nh5 13. Bxg7 Nxg7 14. Bb5 Rc8 15. Ne2 e6 16. h4 Qf6 17. f4 a6 18. Ba4 b5 19. Bb3 h5 20. a3 Rc7 21. c3 a5 22. Bc2 b4 23. Rh3 bxa3 24. bxa3 Rb7 25. Qd3 Qe7 26. a4 Qa3+ 27. Kd2 Rb2 28. Ke1 Ne7 29. Rc1 Qd6 30. Rb1 Rxb1+ 31. Bxb1 Rb8 32. Bc2 Nef5 33. f3 Rb6 34. Kf2 Qd8 35. Qd1 Nxh4 36. Bd3 Nhf5 37. Qc2 Qb8 38. Qc1 Qc7 39. Qd2 Rb8 40. Qc1 Nd6 41. Rh1 Nc4 42. Qa1 Rb6 43. Rb1 Qb8 44. Rxb6 Qxb6 45. Qb1 Qxb1 46. Bxb1 Nb2 47. Bc2 Nf5 48. Nc1 Kg7 49. Nb3 Nxa4 50. Nxa5 Nxc3 51. Bxf5 exf5 52. Nc6 h4 53. Ne5 f6 54. Nd3 g5 55. Ke3 Kg6 56. Nf2 Kh5 57. fxg5 fxg5 58. Nh3 Nb5 59. Kd3 Nc7 60. Ke3 Ne6 61. Nf2 Nf4 0-1

[Event "CAN-op"]
[Site "Winnipeg CAN"]
[Date "1997.07.14"]
[Round "4"]
[White "Bowerman, Robert"]
[Black "Yoos, John"]
[Result "0-1"]
[WhiteElo "2164"]
[BlackElo "2410"]
[PlyCount "48"]
[GameId "2160767911932603"]
[EventDate "1997.07.12"]
[EventType "swiss"]
[EventRounds "10"]
[EventCountry "CAN"]
[SourceTitle "EXP 60"]
[Source "ChessBase"]
[SourceDate "1997.11.24"]
[SourceVersion "1"]
[SourceVersionDate "1997.11.24"]
[SourceQuality "1"]

1. d4 g6 2. c4 Nf6 3. Nc3 Bg7 4. e4 d6 5. Nge2 O-O 6. Ng3 e5 7. d5 c6 8. Be2 a6 9. a4 a5 10. h4 h5 11. Bg5 Qb6 12. Qd2 Na6 13. O-O Nh7 14. Be7 Re8 15. Bg5 Nxg5 16. Qxg5 Qd8 17. Rfd1 Bf6 18. Qd2 c5 19. Bxh5 gxh5 20. Qh6 Bxh4 21. Rd3 Bg4 22. Nxh5 Qg5 23. Qxg5+ Bxg5 24. Rg3 Bxh5 0-1

[Event "CAN-op"]
[Site "Winnipeg CAN"]
[Date "1997.07.14"]
[Round "4"]
[White "Castaneda, Nelson"]
[Black "Taylor, William"]
[Result "1-0"]
[WhiteElo "2382"]
[BlackElo "1962"]
[PlyCount "79"]
[GameId "2160767911932605"]
[EventDate "1997.07.12"]
[EventType "swiss"]
[EventRounds "10"]
[EventCountry "CAN"]
[SourceTitle "EXP 60"]
[Source "ChessBase"]
[SourceDate "1997.11.24"]
[SourceVersion "1"]
[SourceVersionDate "1997.11.24"]
[SourceQuality "1"]

1. e4 Nf6 2. e5 Nd5 3. d4 d6 4. c4 Nb6 5. exd6 exd6 6. Nc3 Nc6 7. Be3 Bf5 8. Nf3 Be7 9. d5 Ne5 10. c5 Nbd7 11. c6 bxc6 12. Nd4 Bg4 13. f3 Bh5 14. dxc6 Nc5 15. b4 Ne6 16. Ba6 Nxd4 17. Bxd4 Bh4+ 18. Kf1 O-O 19. Bb7 Rb8 20. Bxa7 Rxb7 21. cxb7 Nc6 22. Bf2 Bxf2 23. Kxf2 Qh4+ 24. g3 Qxb4 25. Qd2 Qxb7 26. Rhb1 Qa7+ 27. Qe3 Qa8 28. g4 Re8 29. Qf4 Ne5 30. Kg3 Bg6 31. Re1 Re6 32. Rf1 Bd3 33. Rf2 Bg6 34. Qa4 Qc8 35. Nd5 Nd3 36. Rd2 f5 37. Rxd3 f4+ 38. Nxf4 Bxd3 39. Qb3 Kf7 40. Re1 1-0

[Event "CAN-op"]
[Site "Winnipeg CAN"]
[Date "1997.07.14"]
[Round "4"]
[White "Cyncore, Dauwyn"]
[Black "Haessel, Dale"]
[Result "0-1"]
[WhiteElo "1927"]
[BlackElo "2292"]
[PlyCount "48"]
[GameId "2160767911932606"]
[EventDate "1997.07.12"]
[EventType "swiss"]
[EventRounds "10"]
[EventCountry "CAN"]
[SourceTitle "EXP 60"]
[Source "ChessBase"]
[SourceDate "1997.11.24"]
[SourceVersion "1"]
[SourceVersionDate "1997.11.24"]
[SourceQuality "1"]

1. e4 c5 2. Nf3 d6 3. d4 cxd4 4. Nxd4 Nf6 5. Nc3 a6 6. f4 e5 7. Nf3 Nbd7 8. a4 Be7 9. fxe5 dxe5 10. Bc4 Qc7 11. Qe2 O-O 12. O-O Nb6 13. Bb3 Bg4 14. Bd2 Rac8 15. Rac1 Rfd8 16. Kh1 Rd4 17. Be3 Rb4 18. Bxb6 Rxb6 19. Rfd1 Be6 20. Nd5 Nxd5 21. exd5 Bg4 22. h3 Rh6 23. Rd3 e4 24. Rc3 exf3 0-1

[Event "CAN-op"]
[Site "Winnipeg CAN"]
[Date "1997.07.14"]
[Round "4"]
[White "Hjartarson, Johann"]
[Black "Ross, Dave"]
[Result "1-0"]
[WhiteElo "2605"]
[BlackElo "2345"]
[PlyCount "47"]
[GameId "2160767911932608"]
[EventDate "1997.07.12"]
[EventType "swiss"]
[EventRounds "10"]
[EventCountry "CAN"]
[SourceTitle "CBM 060 Extra"]
[Source "ChessBase"]
[SourceDate "1997.11.04"]
[SourceVersion "1"]
[SourceVersionDate "1997.11.04"]
[SourceQuality "1"]

1. d4 d5 2. c4 dxc4 3. Nf3 Nf6 4. e3 e6 5. Bxc4 c5 6. O-O a6 7. Bb3 Nc6 8. Nc3 b5 9. dxc5 Bb7 10. Qe2 Qc7 11. e4 Bxc5 12. e5 Nd7 13. Bf4 Nd4 14. Nxd4 Bxd4 15. Rac1 Nc5 16. Rfd1 Rd8 17. Qg4 O-O 18. Bg5 Bxe5 19. Bxd8 Rxd8 20. Nxb5 Rxd1+ 21. Bxd1 axb5 22. b4 f5 23. Qh3 Qd6 24. bxc5 1-0

[Event "CAN-op"]
[Site "Winnipeg CAN"]
[Date "1997.07.14"]
[Round "4"]
[White "Hodgson, Julian"]
[Black "Bacquero, Luis"]
[Result "1-0"]
[WhiteElo "2586"]
[BlackElo "2365"]
[PlyCount "79"]
[GameId "2160767911932609"]
[EventDate "1997.07.12"]
[EventType "swiss"]
[EventRounds "10"]
[EventCountry "CAN"]
[SourceTitle "EXP 60"]
[Source "ChessBase"]
[SourceDate "1997.11.24"]
[SourceVersion "1"]
[SourceVersionDate "1997.11.24"]
[SourceQuality "1"]

1. d4 e6 2. Nf3 d5 3. g3 Nf6 4. Bg2 Be7 5. O-O O-O 6. c4 dxc4 7. Na3 a5 8. Nxc4 b6 9. Bf4 Bb7 10. Rc1 Nd5 11. Bd2 Nd7 12. Qa4 c5 13. Nfe5 Nxe5 14. dxe5 Qc7 15. Rfd1 Rfd8 16. a3 Bc6 17. Qc2 Qb7 18. e4 Nc7 19. Bf4 g5 20. Be3 Nb5 21. Nd6 Nxd6 22. exd6 Rxd6 23. Rxd6 Bxd6 24. Bxg5 Be5 25. Qe2 Bd4 26. Rd1 f5 27. exf5 Bxg2 28. Qxe6+ Qf7 29. Kxg2 Qxe6 30. fxe6 Re8 31. Re1 Bxb2 32. Rb1 Bxa3 33. Rxb6 Kg7 34. g4 Bb4 35. f4 Bd2 36. Kf3 h6 37. Bh4 c4 38. f5 c3 39. Rb7+ Kf8 40. Bf6 1-0

[Event "CAN-op"]
[Site "Winnipeg CAN"]
[Date "1997.07.14"]
[Round "4"]
[White "Huber, Gregory"]
[Black "Piper, Ron"]
[Result "1-0"]
[WhiteElo "2363"]
[BlackElo "1955"]
[PlyCount "57"]
[GameId "2160767911932610"]
[EventDate "1997.07.12"]
[EventType "swiss"]
[EventRounds "10"]
[EventCountry "CAN"]
[SourceTitle "EXP 60"]
[Source "ChessBase"]
[SourceDate "1997.11.24"]
[SourceVersion "1"]
[SourceVersionDate "1997.11.24"]
[SourceQuality "1"]

1. e4 g6 2. d4 Bg7 3. Nc3 d6 4. f4 Nf6 5. Nf3 O-O 6. Bd3 Bg4 7. h3 Bxf3 8. Qxf3 Nc6 9. Be3 e5 10. dxe5 dxe5 11. f5 Nb4 12. O-O-O Nxd3+ 13. Rxd3 Qe7 14. g4 gxf5 15. gxf5 Kh8 16. Bg5 c6 17. Qg2 Rg8 18. Rg3 Qf8 19. Qf3 Rd8 20. Rhg1 Rd6 21. Kb1 Ne8 22. Be3 b6 23. h4 Qe7 24. Bg5 f6 25. Bc1 Rf8 26. h5 h6 27. Rg6 Kh7 28. Qe3 Rh8 29. Rxh6+ 1-0

[Event "CAN-op"]
[Site "Winnipeg CAN"]
[Date "1997.07.14"]
[Round "4"]
[White "Iomdina, Bella"]
[Black "Lombardi, Julian"]
[Result "1-0"]
[WhiteElo "1904"]
[BlackElo "1668"]
[PlyCount "51"]
[GameId "2160767911932611"]
[EventDate "1997.07.12"]
[EventType "swiss"]
[EventRounds "10"]
[EventCountry "CAN"]
[SourceTitle "EXP 60"]
[Source "ChessBase"]
[SourceDate "1997.11.24"]
[SourceVersion "1"]
[SourceVersionDate "1997.11.24"]
[SourceQuality "1"]

1. d4 d5 2. c4 dxc4 3. e4 Nf6 4. Nc3 Bg4 5. f3 Bh5 6. Bxc4 e6 7. Nge2 c5 8. Be3 Nfd7 9. Nf4 Bg6 10. dxc5 Bxc5 11. Bxc5 Nxc5 12. Qxd8+ Kxd8 13. h4 h5 14. Rd1+ Ke7 15. b4 Ncd7 16. Bxe6 Ne5 17. Ncd5+ Kf8 18. Nc7 Ke7 19. Bh3 Nbc6 20. Nxg6+ Nxg6 21. Rd7+ Kf6 22. Nxa8 Rxa8 23. O-O Nge5 24. Rxb7 Rd8 25. f4 Nc4 26. Rc7 1-0

[Event "CAN-op"]
[Site "Winnipeg CAN"]
[Date "1997.07.14"]
[Round "4"]
[White "Kirton, Dale"]
[Black "Taylor, Tom"]
[Result "1-0"]
[WhiteElo "2240"]
[BlackElo "1981"]
[PlyCount "53"]
[GameId "2160767911932612"]
[EventDate "1997.07.12"]
[EventType "swiss"]
[EventRounds "10"]
[EventCountry "CAN"]
[SourceTitle "EXP 60"]
[Source "ChessBase"]
[SourceDate "1997.11.24"]
[SourceVersion "1"]
[SourceVersionDate "1997.11.24"]
[SourceQuality "1"]

1. Nf3 Nf6 2. d4 d5 3. c4 dxc4 4. e3 e6 5. Bxc4 c5 6. O-O a6 7. Qe2 b5 8. Bb3 Bb7 9. Rd1 Nbd7 10. e4 Nxe4 11. d5 exd5 12. Bxd5 Bxd5 13. Nc3 Be6 14. Nxe4 Be7 15. Bg5 O-O 16. Nxc5 Bxg5 17. Nxe6 Re8 18. Nfxg5 fxe6 19. Qh5 h6 20. Qf7+ Kh8 21. Nxe6 Qe7 22. Qxg7+ Qxg7 23. Nxg7 Kxg7 24. Rxd7+ Kg6 25. Rad1 Re2 26. R7d2 Rae8 27. Kf1 1-0

[Event "CAN-op"]
[Site "Winnipeg CAN"]
[Date "1997.07.14"]
[Round "4"]
[White "Neven, Knut"]
[Black "Nickoloff, Bryon"]
[Result "1/2-1/2"]
[WhiteElo "2235"]
[BlackElo "2400"]
[PlyCount "51"]
[GameId "2160767911932613"]
[EventDate "1997.07.12"]
[EventType "swiss"]
[EventRounds "10"]
[EventCountry "CAN"]
[SourceTitle "CBM 060 Extra"]
[Source "ChessBase"]
[SourceDate "1997.11.04"]
[SourceVersion "1"]
[SourceVersionDate "1997.11.04"]
[SourceQuality "1"]

1. e4 c5 2. Nc3 Nc6 3. Nf3 Nf6 4. d4 cxd4 5. Nxd4 d6 6. Bg5 e6 7. Qd2 a6 8. Nxc6 bxc6 9. Bc4 d5 10. Bb3 Bb4 11. exd5 cxd5 12. Ba4+ Kf8 13. a3 Be7 14. O-O Bb7 15. Rad1 Rc8 16. Rfe1 h6 17. Bh4 Qb6 18. Kh1 Ng4 19. Bxe7+ Kxe7 20. Qd4 Qxd4 21. Rxd4 Nf6 22. f4 Rc4 23. Rxc4 dxc4 24. Rd1 Nd5 25. Nxd5+ Bxd5 26. b3 1/2-1/2

[Event "CAN-op"]
[Site "Winnipeg CAN"]
[Date "1997.07.14"]
[Round "4"]
[White "Nogueiras, Jesus"]
[Black "Shabalov, Alexander"]
[Result "1/2-1/2"]
[WhiteElo "2535"]
[BlackElo "2585"]
[PlyCount "57"]
[GameId "2160767911932614"]
[EventDate "1997.07.12"]
[EventType "swiss"]
[EventRounds "10"]
[EventCountry "CAN"]
[SourceTitle "CBM 060 Extra"]
[Source "ChessBase"]
[SourceDate "1997.11.04"]
[SourceVersion "1"]
[SourceVersionDate "1997.11.04"]
[SourceQuality "1"]

1. d4 e6 2. g3 c5 3. Nf3 b5 4. Bg2 Bb7 5. O-O Nf6 6. Bg5 Be7 7. c3 O-O 8. Nbd2 d5 9. dxc5 Bxc5 10. Nd4 Nbd7 11. N2f3 a6 12. Bxf6 Qxf6 13. a4 Bb6 14. axb5 axb5 15. Rxa8 Rxa8 16. Qd3 e5 17. Nxb5 Rd8 18. c4 e4 19. Qc3 dxc4 20. Nd2 e3 21. Bxb7 exd2 22. Qxf6 gxf6 23. Be4 Ne5 24. Nc3 Ng4 25. e3 Ba5 26. Rd1 Kg7 27. h3 Ne5 28. Kf1 Nd3 29. Bxd3 1/2-1/2

[Event "CAN-op"]
[Site "Winnipeg CAN"]
[Date "1997.07.14"]
[Round "4"]
[White "Ottosen, David"]
[Black "Stockhausen, Peter"]
[Result "1-0"]
[WhiteElo "2040"]
[BlackElo "1728"]
[PlyCount "57"]
[GameId "2160767911932615"]
[EventDate "1997.07.12"]
[EventType "swiss"]
[EventRounds "10"]
[EventCountry "CAN"]
[SourceTitle "EXP 60"]
[Source "ChessBase"]
[SourceDate "1997.11.24"]
[SourceVersion "1"]
[SourceVersionDate "1997.11.24"]
[SourceQuality "1"]

1. e4 c6 2. d3 d5 3. Nd2 dxe4 4. dxe4 e5 5. Ngf3 Bd6 6. Nc4 Bb4+ 7. c3 Qxd1+ 8. Kxd1 Be7 9. Ncxe5 Nf6 10. Bd3 h6 11. Re1 Nbd7 12. Nxf7 Kxf7 13. e5 Re8 14. exf6 Nxf6 15. Ne5+ Kf8 16. Ng6+ Kf7 17. Nxe7 Rxe7 18. Rxe7+ Kxe7 19. Be3 Be6 20. Ke2 b6 21. a3 Nd5 22. g3 Bh3 23. Re1 Kd6 24. f3 Re8 25. Kf2 Bd7 26. Bd4 Nf6 27. Rxe8 Bxe8 28. Bxf6 gxf6 29. Ke3 1-0

[Event "CAN-op"]
[Site "Winnipeg CAN"]
[Date "1997.07.14"]
[Round "4"]
[White "Roque, Rodolfo"]
[Black "Rasmussen, Barry"]
[Result "1-0"]
[WhiteElo "1920"]
[BlackElo "2240"]
[PlyCount "55"]
[GameId "2160767911932617"]
[EventDate "1997.07.12"]
[EventType "swiss"]
[EventRounds "10"]
[EventCountry "CAN"]
[SourceTitle "EXP 60"]
[Source "ChessBase"]
[SourceDate "1997.11.24"]
[SourceVersion "1"]
[SourceVersionDate "1997.11.24"]
[SourceQuality "1"]

1. e4 d5 2. e5 c5 3. Bb5+ Bd7 4. Bxd7+ Qxd7 5. f4 Nc6 6. d3 g6 7. Nf3 Bg7 8. d4 cxd4 9. O-O Rc8 10. Nxd4 Nxd4 11. Qxd4 a6 12. Na3 e6 13. Bd2 Ne7 14. c3 O-O 15. Rf3 f6 16. exf6 Bxf6 17. Qf2 Nf5 18. Kh1 Nd6 19. Rd1 Qa4 20. Qe2 Ne4 21. Rc1 b5 22. Re1 b4 23. cxb4 Bxb2 24. Nb1 Bd4 25. Nc3 Nxd2 26. Qxe6+ Kh8 27. Nxa4 Nxf3 28. gxf3 1-0

[Event "CAN-op"]
[Site "Winnipeg CAN"]
[Date "1997.07.14"]
[Round "4"]
[White "Schulz, Manfred"]
[Black "Taylor, Gordon"]
[Result "1/2-1/2"]
[WhiteElo "1978"]
[BlackElo "2394"]
[PlyCount "57"]
[GameId "2160767911932619"]
[EventDate "1997.07.12"]
[EventType "swiss"]
[EventRounds "10"]
[EventCountry "CAN"]
[SourceTitle "EXP 60"]
[Source "ChessBase"]
[SourceDate "1997.11.24"]
[SourceVersion "1"]
[SourceVersionDate "1997.11.24"]
[SourceQuality "1"]

1. e4 c5 2. Nf3 Nc6 3. d4 cxd4 4. Nxd4 g6 5. c4 Bg7 6. Be3 Nf6 7. Nc3 O-O 8. Be2 d6 9. O-O Bd7 10. Qd2 Nxd4 11. Bxd4 Bc6 12. f3 a5 13. b3 Nd7 14. Be3 Nc5 15. Rab1 Qb6 16. Rfc1 Rfc8 17. Rc2 Qd8 18. Bf1 b6 19. a3 Ra7 20. Qf2 Rca8 21. b4 axb4 22. axb4 Nd7 23. Nd5 Rb8 24. Rbc1 Ra3 25. Qd2 Rba8 26. Qf2 Rb8 27. Qd2 Rb3 28. Ra2 e6 29. Qc2 1/2-1/2